000 00500nam a22001817a 4500
003 CEME
005 20210628205839.0
008 210317b xxu||||| |||| 00| 0 eng d
020 _a0-07-912250-7
040 _c.
082 _a005.2 PRA
100 _aPrasad, Shashi
_977242
245 _aMultithreading programming technioques
260 _aNEWYORK
_bMCGRAW HILL
_c1997
300 _aXIX,.410P
650 _aC-COMPUTER PROGRAM LANGUAGE APPLICATION SOFTWARE-DEVELPOMENT
_977243
942 _cBK
_2ddc
999 _c582545
_d582545